Contado às crianças: XVII encontro de literatura para crianças (Registo nº 201290)

Detalhes MARC
000 -Etiqueta do registo
Valores 00714nam 22001933 4500
021 ## - Número do Depósito Legal
Código do país Portugal
Número 261722/07
100 ## - Dados gerais de processamento
Dados gerais 20260316d u||y0pory50 ba
200 ## - Titulo e menção de responsabilidade
Título próprio Contado às crianças: XVII encontro de literatura para crianças
Primeira menção de responsabilidade coordenação Ana Gaiaz
210 ## - Publicação
Local de publicação Lisboa
Nome do editor Fundação Calouste Gulbenkian, Serviço de Educação e Bolsas
Data de publicação 2007
215 ## - Descrição física 
Paginação / Volumes 160 p.
Outras indicações físicas il. ; brochado
Dimensões 25 cm
300 ## - Notas gerais 
Texto da nota Encontro realizado na Fundação Calouste Gulbenkian, nos dias 8, 9 e 10 de Novembro de 2006<br/>
606 ## - Nome comum usado como assunto
ID Autoridade 3661
Palavra de ordem Crítica Literária.Estudos Literários
675 ## - CDU
Notação 82.09
Edição PT
Língua por
701 ## - Co-autor principal (pessoa individual)
ID Autoridade 16854
Apelido Gaiaz
Nome Ana
801 ## - Fonte de origem
País PT
Agência BMMN
Regras de catalogação RPC
830 ## - Notas gerais do catalogador
Criado por Vanda
990 ## - Elementos KOHA
Tipo de documento Livro
Exemplares
Situação do levantamento Biblioteca de origem Código de barras Cota Permissão de empréstimo Tipo de documento Forma de aquisição
  Biblioteca Municipal de Montemor-o-Novo 30602 82.09 CON|DEP   Livro Oferta

Powered by Koha